Two Not Touch - Statistics

General Stats
  • This quiz has been taken 27 times
  • The average score is 6 of 16
Answer Stats
Answer % Correct
A1
86%
H2
57%
A4
50%
H5
50%
C2
43%
C5
36%
F6
36%
B8
29%
D7
29%
E4
29%
G3
29%
G7
29%
B6
21%
D3
21%
E1
21%
F8
21%
No matching quizzes found
Score Distribution
Percent of People with Each Score
Percentile by Number Answered
Your Score History
You have not taken this quiz